| Tag |
First Indicator |
Second Indicator |
Subfields |
| LEADER |
00000cam a22000001a 4500 |
| 001 |
in00003377913 |
| 006 |
m d f |
| 007 |
cr bn mmmapmmp |
| 008 |
100717s1998 dcu o f000 0 eng d |
| 005 |
20260429180708.2 |
| 035 |
|
|
|a cis2007892504
|
| 040 |
|
|
|a ProQuest
|c ProQuest
|d UtOrBLW
|
| 043 |
|
|
|a n-us---
|
| 099 |
|
|
|a CRS-1998-ENR-0004
|
| 110 |
2 |
|
|a Library of Congress.
|b Congressional Research Service.
|
| 245 |
1 |
0 |
|a Tobacco-Related Programs and Activities of the U.S. Department of Agriculture :
|b Operation and Cost.
|
| 264 |
|
1 |
|a [Place of publication not identified] :
|b [publisher not identified],
|c 1998.
|
| 300 |
|
|
|a 1 online resource.
|
| 336 |
|
|
|a text
|b txt
|2 rdacontent
|
| 337 |
|
|
|a computer
|b c
|2 rdamedia
|
| 338 |
|
|
|a online resource
|b cr
|2 rdacarrier
|
| 500 |
|
|
|a Record is based on bibliographic data in ProQuest U.S. Congressional Research Digital Collection (last viewed July 2010). Reuse except for individual research requires license from ProQuest, LLC.
|
| 500 |
|
|
|a CRS Report.
|
| 520 |
|
|
|a Provides an overview of Department of Agriculture programs that directly assist farmers with the production and marketing of tobacco, including price support program, Federal crop insurance, market news services, and crop data collection. Also presents data on USDA tobacco-related budgetary expenditures, FY98-99.
|
| 500 |
|
|
|a Electronic resource.
|
| 650 |
|
0 |
|a Agricultural insurance.
|
| 650 |
|
0 |
|a Agricultural price supports.
|
| 650 |
|
0 |
|a Agriculture
|x Research.
|
| 655 |
|
7 |
|a Electronic books.
|2 local
|
| 710 |
2 |
|
|a ProQuest (Firm)
|
| 776 |
0 |
8 |
|i Microfiche version:
|a Library of Congress. Congressional Research Service.
|t Tobacco-Related Programs and Activities of the U.S. Department of Agriculture
|
| 830 |
|
0 |
|a U.S. Congressional Research.
|
| 856 |
4 |
0 |
|u http://proxy.library.tamu.edu/login?url=https://congressional.proquest.com/congcomp/getdoc?CRDC-ID=CRS-1998-ENR-0004
|z Connect to the full text of this electronic book
|t 0
|
| 999 |
|
|
|a MARS
|
| 999 |
f |
f |
|s 1683d29b-f437-3d6c-86fe-36cdc82e6a32
|i 0c1f3bd6-27f6-352c-86b7-876d0d0e0240
|t 0
|
| 952 |
f |
f |
|a Texas A&M University
|b College Station
|c Electronic Resources
|s www_evans
|d Available Online
|t 0
|e CRS-1998-ENR-0004
|h Other scheme
|
| 998 |
f |
f |
|a CRS-1998-ENR-0004
|t 0
|l Available Online
|